[Event "COL pre olympic sf2"]
[Site "Cartagena"]
[Date "2016.05.07"]
[Round "6"]
[White "Cespedes, Cesar Ivan"]
[Black "Tovio, Israel"]
[Result "1/2-1/2"]
[WhiteElo "2093"]
[BlackElo "2344"]
[PlyCount "69"]
[EventDate "2016.05.04"]
[EventType "swiss"]
[EventRounds "9"]
[EventCountry "COL"]
[SourceTitle "OM OTB B 201907"]
[Source "Opening Master"]
[SourceDate "2019.07.06"]
[SourceVersion "2"]
[SourceVersionDate "2019.07.06"]
[SourceQuality "1"]

1. e4 c5 2. Nf3 Nf6 3. Nc3 d6 4. d4 cxd4 5. Nxd4 Nc6 6. Be2 e5 7. Nb3 Be7 8.
O-O O-O 9. Re1 a5 10. a4 Be6 11. Be3 Nb4 12. Bf3 Rc8 13. Rc1 d5 14. exd5 Nfxd5
15. Nxd5 Nxd5 16. Bxd5 Bxd5 17. Nd2 Qc7 18. c4 Bc6 19. b3 f5 20. f3 Rcd8 21.
Qc2 Bb4 22. Red1 e4 23. fxe4 Rxd2 24. Rxd2 Bxe4 25. Qd1 Bxd2 26. Qxd2 Rd8 27.
Qe1 Rd3 28. Rc3 Qd7 29. Rxd3 Qxd3 30. Qd2 Qb1+ 31. Kf2 h6 32. Bxh6 Qxb3 33.
Bxg7 Qxc4 34. Bc3 Qc5+ 35. Qd4 1/2-1/2

[Event "Stuttgart-chA int"]
[Site "Ditzingen"]
[Date "2016.05.07"]
[Round "6"]
[White "Fruehsorger, Dieter"]
[Black "Wenner, Tobias"]
[Result "1/2-1/2"]
[WhiteElo "1907"]
[BlackElo "2136"]
[PlyCount "91"]
[EventDate "2016.05.05"]
[EventType "swiss"]
[EventRounds "7"]
[EventCountry "GER"]
[SourceTitle "OM OTB B 201907"]
[Source "Opening Master"]
[SourceDate "2019.07.06"]
[SourceVersion "2"]
[SourceVersionDate "2019.07.06"]
[SourceQuality "1"]

1. e4 c5 2. Nf3 Nc6 3. d4 cxd4 4. Nxd4 Nf6 5. Nc3 d6 6. Be2 e5 7. Nb3 Be7 8.
Be3 Be6 9. O-O O-O 10. f4 d5 11. f5 d4 12. fxe6 dxc3 13. exf7+ Kh8 14. bxc3
Rxf7 15. Bc4 Rf8 16. Bd5 Nxd5 17. Qxd5 Qe8 18. Qe6 Bf6 19. Qxe8 Rfxe8 20. Rfd1
b6 21. Rd6 Rac8 22. Rad1 Nb8 23. g4 Rxc3 24. g5 Be7 25. Re6 Nc6 26. Bc1 Kg8 27.
g6 hxg6 28. Rxg6 Rxc2 29. Kh1 Kf7 30. Rg2 Rxg2 31. Kxg2 Rd8 32. Rxd8 Bxd8 33.
a3 b5 34. Bd2 Be7 35. Bc1 a5 36. Kf2 a4 37. Nd2 Ke6 38. Kg3 Nd4 39. Kg4 g6 40.
h4 Kd6 41. h5 gxh5+ 42. Kxh5 Kc5 43. Bb2 b4 44. axb4+ Kxb4 45. Kg6 a3 46. Bxa3+
1/2-1/2

[Event "FRA-chT Top 12 (Women) GpB"]
[Site "Mulhouse"]
[Date "2016.05.07"]
[Round "4.2"]
[White "Afraoui, Anaelle"]
[Black "Fuchs, Judith"]
[Result "0-1"]
[WhiteElo "1952"]
[BlackElo "2342"]
[PlyCount "78"]
[EventDate "2016.05.05"]
[EventType "team-tourn"]
[EventRounds "5"]
[EventCountry "FRA"]
[SourceTitle "OM OTB B 201907"]
[Source "Opening Master"]
[SourceDate "2019.07.06"]
[SourceVersion "2"]
[SourceVersionDate "2019.07.06"]
[SourceQuality "1"]
[WhiteTeam "Clichy Echecs 92 (W)"]
[BlackTeam "Bois Colombes (W)"]
[WhiteTeamCountry "FRA"]
[BlackTeamCountry "FRA"]

1. e4 c5 2. Nf3 d6 3. d4 cxd4 4. Nxd4 Nf6 5. Nc3 Nc6 6. Be2 e5 7. Nb3 Be7 8.
O-O O-O 9. Bg5 Be6 10. Qd2 Ne8 11. Bxe7 Qxe7 12. f4 f6 13. Rad1 Rd8 14. Nd5 Qd7
15. Na5 Nd4 16. Bc4 b5 17. c3 bxc4 18. cxd4 Bxd5 19. exd5 e4 20. Nc6 Rc8 21. f5
Nc7 22. Qa5 Kh8 23. Rde1 Rfe8 24. Rf4 Nxd5 25. Qxd5 Qxc6 26. Qxc6 Rxc6 27.
Rfxe4 Rxe4 28. Rxe4 Kg8 29. Kf2 Kf7 30. Re3 Ra6 31. a3 Rb6 32. Re2 Rb5 33. g4
Rb3 34. Rc2 d5 35. Ke2 g6 36. fxg6+ Kxg6 37. Ke1 Rd3 38. Re2 Rxd4 39. Re7 Re4+
0-1

[Event "Cetinje op"]
[Site "Cetinje"]
[Date "2016.05.06"]
[Round "4"]
[White "Krivokapic, Marko"]
[Black "Kosic, Dragan"]
[Result "1/2-1/2"]
[WhiteElo "2412"]
[BlackElo "2507"]
[PlyCount "42"]
[EventDate "2016.05.04"]
[EventType "swiss"]
[EventRounds "9"]
[EventCountry "MNE"]
[SourceTitle "OM OTB B 201907"]
[Source "Opening Master"]
[SourceDate "2019.07.06"]
[SourceVersion "2"]
[SourceVersionDate "2019.07.06"]
[SourceQuality "1"]

1. e4 c5 2. Nf3 Nc6 3. d4 cxd4 4. Nxd4 Nf6 5. Nc3 d6 6. Be2 e5 7. Nb3 Be7 8.
O-O O-O 9. Bf3 a5 10. a4 Nb4 11. Re1 Be6 12. Be3 Qc7 13. Bg5 Rfd8 14. h3 d5 15.
exd5 Nfxd5 16. Nxd5 Bxd5 17. Bxe7 Qxe7 18. Bxd5 Rxd5 19. Qf3 Rdd8 20. Re2 Qc7
21. c3 Nc6 1/2-1/2

[Event "COL pre olympic sf2"]
[Site "Cartagena"]
[Date "2016.05.04"]
[Round "1"]
[White "Jaramillo, Carlos Mario"]
[Black "Castaneda, Jhon David"]
[Result "0-1"]
[WhiteElo "1581"]
[BlackElo "2178"]
[PlyCount "60"]
[EventDate "2016.05.04"]
[EventType "swiss"]
[EventRounds "9"]
[EventCountry "COL"]
[SourceTitle "OM OTB B 201907"]
[Source "Opening Master"]
[SourceDate "2019.07.06"]
[SourceVersion "2"]
[SourceVersionDate "2019.07.06"]
[SourceQuality "1"]

1. e4 c5 2. Nf3 Nc6 3. d4 cxd4 4. Nxd4 Nf6 5. Nc3 d6 6. Be2 e5 7. Nb3 Be7 8.
O-O O-O 9. Be3 Be6 10. Qd2 a5 11. a4 Nb4 12. f4 Rc8 13. f5 Nxe4 14. Nxe4 Rxc2
15. fxe6 Rxd2 16. exf7+ Kh8 17. Bxd2 Nc2 18. Rac1 Qb6+ 19. Nbc5 Nb4 20. Be3
dxc5 21. Kh1 Qg6 22. Nxc5 Rxf7 23. Nxb7 Rxf1+ 24. Bxf1 h6 25. Nxa5 Qe4 26. Bf2
Qf4 27. Rc8+ Kh7 28. Kg1 e4 29. Bg3 Qf5 30. Re8 Bc5+ 0-1

[Event "FICS rated lightning game"]
[Site "FICS freechess.org"]
[Date "2016.05.03"]
[Round "?"]
[White "SlowBox"]
[Black "pikozrout"]
[Result "1-0"]
[WhiteElo "2542"]
[BlackElo "2349"]
[PlyCount "109"]
[EventDate "2016.??.??"]
[EventType "schev"]
[EventRounds "3"]

1. e4 c5 2. Nf3 d6 3. d4 cxd4 4. Nxd4 Nf6 5. Nc3 Nc6 6. Be2 e5 7. Nf3 h6 8. O-O
Be7 9. Re1 O-O 10. h3 Be6 11. Bf1 Nb8 12. b3 a6 13. a4 Qa5 14. Qd2 Nc6 15. Ba3
b6 16. Rad1 Rfe8 17. Nd5 Bxd5 18. exd5 Qxd2 19. Rxd2 Nb8 20. Rdd1 Nbd7 21. c4
Nc5 22. a5 Nxb3 23. axb6 Rab8 24. Re3 Rxb6 25. Rb1 Reb8 26. Nxe5 Nd2 27. Rbe1
Nxf1 28. Kxf1 R8b7 29. Ng4 Nxg4 30. Rxe7 Rxe7 31. Rxe7 Ne5 32. c5 Rb1+ 33. Ke2
Nc4 34. cxd6 Nxa3 35. Re8+ Kh7 36. d7 Rb2+ 37. Kd3 Rb3+ 38. Kd4 Nb5+ 39. Kc4
Rc3+ 40. Kb4 Rc2 41. d8=Q Rxf2 42. Qe7 Rf4+ 43. Kc5 Rf6 44. Qe4+ Rg6 45. Rd8
Nc7 46. Rd7 Nb5 47. Qf5 Nc3 48. d6 Ne2 49. Rxf7 Ng3 50. Qc2 a5 51. d7 Ne2 52.
d8=Q Nc3 53. Rf8 Na4+ 54. Kd4 Nb6 55. Rh8# 1-0

[Event "Novokuznetsk-ch"]
[Site "Novokuznetsk"]
[Date "2016.05.01"]
[Round "1"]
[White "Lomantsov, Evgenij"]
[Black "Grachev, Alexey"]
[Result "1-0"]
[WhiteElo "2285"]
[BlackElo "1990"]
[PlyCount "75"]
[EventDate "2016.05.01"]
[EventType "swiss"]
[EventRounds "9"]
[EventCountry "RUS"]
[SourceTitle "OM OTB B 201907"]
[Source "Opening Master"]
[SourceDate "2019.07.06"]
[SourceVersion "2"]
[SourceVersionDate "2019.07.06"]
[SourceQuality "1"]

1. e4 c5 2. Nf3 Nc6 3. d4 cxd4 4. Nxd4 Nf6 5. Nc3 d6 6. Be2 e5 7. Nb3 Be7 8.
Be3 Be6 9. Bf3 a5 10. a4 Nb4 11. Nd5 Nfxd5 12. exd5 Bf5 13. Rc1 Rc8 14. Na1 Na2
15. Rb1 Nb4 16. Rc1 Na2 17. Rb1 Nb4 18. c3 Bxb1 19. Qxb1 Na6 20. Bg4 O-O 21.
Bxc8 Qxc8 22. O-O Qc4 23. b3 Qxd5 24. Rd1 Qc6 25. c4 f5 26. f3 e4 27. fxe4 fxe4
28. Nc2 Bf6 29. Nd4 Bxd4 30. Rxd4 Nc5 31. Qd1 Nd3 32. Qg4 d5 33. Rxd5 Qf6 34.
h3 Nf2 35. Qe2 Qa1+ 36. Kh2 Qh1+ 37. Kg3 Nxh3 38. Rd1 1-0

[Event "FICS rated standard game"]
[Site "FICS freechess.org"]
[Date "2016.04.28"]
[Round "?"]
[White "wqhwzjwqhwzj"]
[Black "tentacle"]
[Result "0-1"]
[WhiteElo "1922"]
[BlackElo "2467"]
[PlyCount "80"]
[EventDate "2016.??.??"]

1. e4 c5 2. Nf3 Nc6 3. d4 cxd4 4. Nxd4 Nf6 5. Nc3 d6 6. Be2 e5 7. Nb3 Be7 8.
Be3 Be6 9. O-O O-O 10. h3 Re8 11. Kh1 Qc8 12. Kh2 Rd8 13. Qc1 d5 14. exd5 Nxd5
15. Nxd5 Bxd5 16. f4 Qe6 17. c4 Be4 18. Bf3 Bxf3 19. Rxf3 e4 20. Rf2 Nb4 21.
Nd4 Qf6 22. Qc3 Nd3 23. Re2 Bb4 24. Qb3 Rxd4 25. Bxd4 Qxd4 26. Rd1 Rd8 27. a3
Bd6 28. Qxb7 Bxf4+ 29. g3 Bxg3+ 30. Kxg3 Qd6+ 31. Kg2 Nf4+ 32. Kf2 Nxh3+ 33.
Kg2 Qxd1 34. Qxe4 Nf4+ 35. Qxf4 Qxe2+ 36. Qf2 Qg4+ 37. Kf1 Rd1+ 38. Qe1 Qf3+
39. Kg1 Qg3+ 40. Kf1 Rxe1# 0-1

[Event "Russian Championship G15 1st league 201"]
[Site "Loo"]
[Date "2016.04.26"]
[Round "7.11"]
[White "Lisyanskaya, Alina"]
[Black "Khomyak, Aleksandra"]
[Result "1-0"]
[WhiteElo "1538"]
[BlackElo "1612"]
[PlyCount "95"]
[EventDate "2016.04.20"]
[EventType "swiss"]
[EventRounds "9"]
[SourceTitle "OM OTB B 201907"]
[Source "Opening Master"]
[SourceDate "2019.07.06"]
[SourceVersion "2"]
[SourceVersionDate "2019.07.06"]
[SourceQuality "1"]

1. e4 c5 2. Nf3 d6 3. d4 cxd4 4. Nxd4 Nf6 5. Nc3 Nc6 6. Be2 e5 7. Nb3 Be7 8.
O-O O-O 9. Be3 a5 10. f3 a4 11. Nc1 a3 12. bxa3 Rxa3 13. Nb3 Be6 14. Qd2 d5 15.
exd5 Nxd5 16. Nxd5 Qxd5 17. Qc1 Nd4 18. Bxd4 exd4 19. Rd1 Qg5 20. Qxg5 Bxg5 21.
Nxd4 Be3+ 22. Kf1 Bxa2 23. Nb5 Ra5 24. Nc3 Rfa8 25. Rxa2 b6 26. Rxa5 bxa5 27.
Na4 h6 28. c4 Kf8 29. Rd3 Bf4 30. g3 Bc7 31. f4 Ke8 32. Bf3 Rb8 33. c5 Rb1+ 34.
Kf2 Rb4 35. Nc3 Rb2+ 36. Ke3 Rxh2 37. Bc6+ Kf8 38. Nb5 Rh3 39. Nxc7 Rxg3+ 40.
Bf3 Ke7 41. Nd5+ Ke8 42. Kf2 Rg6 43. Nc7+ Ke7 44. Re3+ Kd7 45. Nb5 Ra6 46. c6+
Rxc6 47. Bxc6+ Kxc6 48. Nd4+ 1-0

[Event "FICS rated standard game"]
[Site "FICS freechess.org"]
[Date "2016.04.25"]
[Round "?"]
[White "grasm"]
[Black "Triarius"]
[Result "0-1"]
[WhiteElo "1798"]
[BlackElo "2229"]
[PlyCount "64"]
[EventDate "2016.??.??"]

1. e4 c5 2. Nf3 Nc6 3. d4 cxd4 4. Nxd4 Nf6 5. Nc3 d6 6. Be2 e5 7. Nb3 Be7 8.
Be3 O-O 9. O-O a5 10. f4 a4 11. Nd2 d5 12. fxe5 Nxe5 13. exd5 Nxd5 14. Nxd5
Qxd5 15. c4 Qa5 16. Ne4 Be6 17. Ng5 Bxc4 18. Qc2 Bxg5 19. Bxg5 Bxe2 20. Qxe2 f6
21. Bd2 Qd5 22. Bc3 Rfd8 23. Rfd1 Qc5+ 24. Kf1 b5 25. Rac1 Rxd1+ 26. Qxd1 Qc4+
27. Kg1 Nd3 28. Rc2 Qc5+ 29. Kf1 Qf5+ 30. Kg1 Rd8 31. Rd2 Kf7 32. b3 Qc5+ 0-1

[Event "Coimbra Queima das Fitas op"]
[Site "Coimbra"]
[Date "2016.04.24"]
[Round "4"]
[White "Veiga, Jose Francisco RP"]
[Black "Santos, Marco"]
[Result "1/2-1/2"]
[WhiteElo "1824"]
[BlackElo "2031"]
[PlyCount "92"]
[EventDate "2016.04.22"]
[EventType "swiss"]
[EventRounds "7"]
[EventCountry "POR"]
[SourceTitle "OM OTB B 201907"]
[Source "Opening Master"]
[SourceDate "2019.07.06"]
[SourceVersion "2"]
[SourceVersionDate "2019.07.06"]
[SourceQuality "1"]

1. e4 c5 2. Nf3 d6 3. d4 cxd4 4. Nxd4 Nf6 5. Nc3 Nc6 6. Be2 e5 7. Nf3 h6 8. O-O
Be7 9. h3 O-O 10. Re1 Be6 11. Bf1 Rc8 12. Nd5 Bxd5 13. exd5 Nb8 14. c4 a5 15.
b3 Na6 16. Bb2 Nd7 17. a3 f5 18. Bc3 Nac5 19. Nd2 Nf6 20. Bxa5 Qxa5 21. b4 Qa4
22. bxc5 Qxd1 23. Raxd1 Rxc5 24. Rb1 Rc7 25. Rb5 Nd7 26. f4 e4 27. Nb3 Bf6 28.
a4 Ra8 29. a5 Kf7 30. Rd1 Ra7 31. Kf2 Bb2 32. Ke1 Bf6 33. g3 Nc5 34. Nxc5 Rxc5
35. Rb6 Ke7 36. Rdb1 Rcxa5 37. Rxb7+ Kd8 38. Rxa7 Rxa7 39. g4 g6 40. Be2 Bh4+
41. Kf1 Bg3 42. gxf5 gxf5 43. Bh5 Bxf4 44. Bg6 Be5 45. Rb8+ Kc7 46. Rf8 f4
1/2-1/2

[Event "SRB-chT Cup"]
[Site "Kragujevac"]
[Date "2016.04.23"]
[Round "6.3"]
[White "Markovic, Slavoljub"]
[Black "Ugrenovic, Bozidar"]
[Result "1/2-1/2"]
[WhiteElo "2197"]
[BlackElo "2192"]
[PlyCount "130"]
[EventDate "2016.04.20"]
[EventType "team-swiss"]
[EventRounds "7"]
[EventCountry "SRB"]
[SourceTitle "OM OTB B 201907"]
[Source "Opening Master"]
[SourceDate "2019.07.06"]
[SourceVersion "2"]
[SourceVersionDate "2019.07.06"]
[SourceQuality "1"]

1. e4 c5 2. Nf3 Nc6 3. d4 cxd4 4. Nxd4 Nf6 5. Nc3 d6 6. Be2 e5 7. Nb3 Be6 8.
Bf3 Be7 9. O-O O-O 10. Be3 a5 11. a3 a4 12. Nc1 Qa5 13. Nd5 Bxd5 14. exd5 Nb8
15. Qd3 Na6 16. Rd1 Rfc8 17. Ne2 Nc5 18. Qc3 e4 19. Qxa5 Rxa5 20. Nd4 exf3 21.
Nf5 Bf8 22. Bf4 Ra6 23. gxf3 h6 24. h4 Kh7 25. Ne3 g6 26. Rd4 Nh5 27. Bh2 f5
28. Rb4 Be7 29. Re1 Bf6 30. Kg2 Re8 31. Kh3 Re7 32. Rb1 Be5 33. Bxe5 Rxe5 34.
Rd1 Nf6 35. Rb5 Kg7 36. b4 axb3 37. cxb3 f4 38. Nc4 Rxd5 39. Re1 Rd4 40. Na5
Ncd7 41. Nxb7 Rxa3 42. Nd8 Rd3 43. Rb7 Rdxb3 44. Rc7 g5 45. h5 Rc3 46. Rb7
Rxf3+ 47. Kg2 Rfb3 48. Rc7 f3+ 49. Kh3 Rc3 50. Nc6 Rxc6 51. Rxc6 Rd3 52. Re6 d5
53. Rc8 Kf7 54. Ra6 Rd4 55. Kg3 Rf4 56. Kh2 g4 57. Rh8 Kg7 58. Rd8 Rf5 59. Kg3
Rxh5 60. Kf4 Kg6 61. Rxd7 Rf5+ 62. Kg3 Kh5 63. Rxf6 Rxf6 64. Rxd5+ Kg6 65. Kxg4
Kg7 1/2-1/2

[Event "SRB-chT Cup"]
[Site "Kragujevac"]
[Date "2016.04.22"]
[Round "4.5"]
[White "Blagojevic, Nebojsa"]
[Black "Ugrenovic, Bozidar"]
[Result "1/2-1/2"]
[WhiteElo "2224"]
[BlackElo "2192"]
[PlyCount "23"]
[EventDate "2016.04.20"]
[EventType "team-swiss"]
[EventRounds "7"]
[EventCountry "SRB"]
[SourceTitle "OM OTB B 201907"]
[Source "Opening Master"]
[SourceDate "2019.07.06"]
[SourceVersion "2"]
[SourceVersionDate "2019.07.06"]
[SourceQuality "1"]

1. e4 c5 2. Nf3 Nc6 3. d4 cxd4 4. Nxd4 Nf6 5. Nc3 d6 6. Be2 e5 7. Nb3 Be6 8.
O-O Be7 9. Bf3 O-O 10. Bg5 a5 11. a4 Nb4 12. Re1 1/2-1/2

[Event "SRB-chT Cup"]
[Site "Kragujevac"]
[Date "2016.04.22"]
[Round "4.3"]
[White "Markovic, Slavoljub"]
[Black "Milovanovic, Srboljub"]
[Result "1-0"]
[WhiteElo "2197"]
[BlackElo "2143"]
[PlyCount "125"]
[EventDate "2016.04.20"]
[EventType "team-swiss"]
[EventRounds "7"]
[EventCountry "SRB"]
[SourceTitle "OM OTB B 201907"]
[Source "Opening Master"]
[SourceDate "2019.07.06"]
[SourceVersion "2"]
[SourceVersionDate "2019.07.06"]
[SourceQuality "1"]

1. e4 c5 2. Nf3 Nc6 3. d4 cxd4 4. Nxd4 Nf6 5. Nc3 d6 6. Be2 e5 7. Nb3 Be7 8.
Be3 O-O 9. O-O a5 10. a3 Be6 11. Bf3 h6 12. Nd5 Bxd5 13. exd5 Nb8 14. Qd3 Nfd7
15. Qb5 b6 16. Nd2 Qc7 17. Nc4 Ra6 18. b4 Bg5 19. Be2 axb4 20. axb4 Rxa1 21.
Rxa1 Bxe3 22. fxe3 f5 23. Rf1 g6 24. Bd3 e4 25. Be2 h5 26. g3 Rc8 27. Ra1 Kf7
28. Ra7 Qxa7 29. Nxd6+ Kf8 30. Nxc8 Qc7 31. Qc4 Qxc4 32. Bxc4 Ne5 33. Be2 Nbd7
34. h3 Kf7 35. Kf2 Ke8 36. Bb5 Kd8 37. Nd6 Kc7 38. Ne8+ Kd8 39. Ng7 Ke7 40. Ne6
Kd6 41. Nf4 Nf6 42. c4 g5 43. Ne6 Nd3+ 44. Ke2 Nxb4 45. Nxg5 Nd3 46. Ne6 Ne5
47. Ba6 Nd3 48. Nd4 Kc5 49. Kd2 Kb4 50. Nc6+ Kc5 51. Kc3 Nf2 52. Nd4 Nxh3 53.
Nxf5 Nf2 54. d6 N2g4 55. Bb5 Ne5 56. Ba4 Nf7 57. d7 Nd8 58. Kb3 Ne6 59. Nd4 Nd8
60. Nc6 Ne6 61. d8=Q Nxd8 62. Nxd8 Ng4 63. Nb7# 1-0

[Event "Russian Championship B19 2016"]
[Site "Loo"]
[Date "2016.04.22"]
[Round "3.14"]
[White "Kontsevik, Georgy"]
[Black "Mikheev, Aleksey"]
[Result "1/2-1/2"]
[WhiteElo "2163"]
[BlackElo "2268"]
[PlyCount "100"]
[EventDate "2016.04.20"]
[EventType "swiss"]
[EventRounds "9"]
[SourceTitle "OM OTB B 201907"]
[Source "Opening Master"]
[SourceDate "2019.07.06"]
[SourceVersion "2"]
[SourceVersionDate "2019.07.06"]
[SourceQuality "1"]

1. e4 c5 2. Nf3 d6 3. d4 cxd4 4. Nxd4 Nf6 5. Nc3 Nc6 6. Be2 e5 7. Nb3 Be6 8.
Bg5 Be7 9. O-O O-O 10. Qd2 Ne8 11. Bxe7 Qxe7 12. f4 Nf6 13. Nd5 Bxd5 14. exd5
Nb8 15. fxe5 Qxe5 16. Rae1 Nbd7 17. c4 Rfe8 18. Bd3 Qh5 19. Nd4 Ne5 20. Nf5 Qg4
21. Rf4 Qg5 22. Ref1 Nh5 23. h4 Qd8 24. R4f2 Rc8 25. b3 Rc7 26. Be2 g6 27. Nh6+
Kg7 28. Bxh5 Qxh4 29. Ng4 Nxg4 30. Qd4+ Re5 31. Bxg4 h5 32. Rxf7+ Rxf7 33.
Rxf7+ Kg8 34. Rf1 hxg4 35. Qf4 Qe7 36. Qxg4 Kh7 37. Qf3 Kg7 38. Qc3 Qh4 39. c5
Qe7 40. c6 bxc6 41. dxc6 Qc7 42. b4 Kg8 43. Rf3 d5 44. Qc5 Kh7 45. Qf8 Qb6+ 46.
Kf1 Qa6+ 47. Kg1 Qb6+ 48. Kf1 Qa6+ 49. Kg1 Qb6+ 50. Kf1 Qa6+ 1/2-1/2

[Event "RC-00187"]
[Site "LSS"]
[Date "2016.04.22"]
[Round "?"]
[White "Louro, Eugenio Diogo"]
[Black "Velasco Blanco, Jose Maria"]
[Result "0-1"]
[WhiteElo "1771"]
[BlackElo "1798"]
[PlyCount "36"]
[EventDate "2016.02.14"]
[SourceTitle "LSS to Dec2020"]
[Source "LSS ed TH"]
[SourceDate "2021.01.12"]
[SourceVersion "3"]
[SourceVersionDate "2021.01.12"]
[SourceQuality "1"]

1. e4 c5 2. Nf3 d6 3. d4 cxd4 4. Nxd4 Nf6 5. Nc3 Nc6 6. Be2 e5 7. Nb3 Be7 8.
Be3 O-O 9. h3 Be6 10. Nd5 Nxe4 11. Nxe7+ Qxe7 12. Bd3 f5 13. Qe2 Nf6 14. c3 f4
15. Bd2 a5 16. O-O-O a4 17. Na1 Bxa2 18. g4 d5 0-1

[Event "ROM-ch U14"]
[Site "Calimanesti Caciulata"]
[Date "2016.04.21"]
[Round "5"]
[White "Popa, Timotei Marius"]
[Black "Stancu Filipescu, David"]
[Result "0-1"]
[WhiteElo "1340"]
[BlackElo "1675"]
[PlyCount "118"]
[EventDate "2016.04.18"]
[EventType "swiss"]
[EventRounds "9"]
[EventCountry "ROU"]
[SourceTitle "OM OTB B 201907"]
[Source "Opening Master"]
[SourceDate "2019.07.06"]
[SourceVersion "2"]
[SourceVersionDate "2019.07.06"]
[SourceQuality "1"]

1. e4 c5 2. Nf3 Nc6 3. d4 cxd4 4. Nxd4 d6 5. Nc3 Nf6 6. Be2 e5 7. Nxc6 bxc6 8.
Be3 Be7 9. h3 Bb7 10. Qd3 d5 11. exd5 cxd5 12. Qb5+ Qd7 13. Qxd7+ Kxd7 14. Bg5
d4 15. O-O-O Bxg2 16. Rh2 Bc6 17. Bxf6 Bxf6 18. Bb5 Bxb5 19. Nxb5 Kc6 20. Na3
Rab8 21. Nc4 Kc5 22. b3 Rhd8 23. Nd2 Bg5 24. Rg2 Bxd2+ 25. Rxd2 g6 26. Rg3 f5
27. Rd1 e4 28. f3 e3 29. Rg2 a5 30. h4 Re8 31. Re2 a4 32. Rd3 axb3 33. axb3
Red8 34. Kb2 Rbc8 35. c3 f4 36. cxd4+ Kd5 37. Rg2 Rf8 38. h5 Rc6 39. Rg5+ Rf5
40. Rxf5+ gxf5 41. Rd1 Rh6 42. Kc3 Rxh5 43. Kd3 Rh2 44. Rc1 Rd2+ 45. Kc3 Rxd4
46. Kb2 Rd2+ 47. Kc3 Rf2 48. Kd3 Rxf3 49. b4 Rf2 50. Rc5+ Ke6 51. b5 Rd2+ 52.
Kc4 Rc2+ 53. Kd4 Rxc5 54. Kxc5 e2 55. b6 e1=Q 56. b7 Qc3+ 57. Kb6 Qb4+ 58. Ka7
Qa5+ 59. Kb8 Kd6 0-1

[Event "SLO-chT (Women)"]
[Site "Domzale"]
[Date "2016.04.17"]
[Round "7.10"]
[White "Vucko, Maja"]
[Black "Vrabic, Anita"]
[Result "1/2-1/2"]
[WhiteElo "1895"]
[BlackElo "2035"]
[PlyCount "52"]
[EventDate "2016.04.01"]
[EventType "team-tourn"]
[EventRounds "7"]
[EventCountry "SLO"]
[SourceTitle "OM OTB B 201907"]
[Source "Opening Master"]
[SourceDate "2019.07.06"]
[SourceVersion "2"]
[SourceVersionDate "2019.07.06"]
[SourceQuality "1"]
[WhiteTeam "Pomgrad Radenska (W)"]
[BlackTeam "Ptuj (W)"]
[WhiteTeamCountry "SLO"]
[BlackTeamCountry "SLO"]

1. e4 c5 2. Nf3 Nc6 3. d4 cxd4 4. Nxd4 Nf6 5. Nc3 d6 6. Be2 e5 7. Nb3 Be7 8.
O-O O-O 9. Be3 Be6 10. f4 exf4 11. Rxf4 d5 12. exd5 Nxd5 13. Nxd5 Bxd5 14. c4
Be6 15. Nc5 Bc8 16. Qxd8 Rxd8 17. Rd1 Re8 18. Kf2 Ne5 19. Bd4 Nc6 20. Be3 Nb4
21. Re4 Nc6 22. Rf4 Ne5 23. Bd4 Nc6 24. Be3 Ne5 25. Bd4 Nc6 26. Ke1 Bf8 1/2-1/2

[Event "CRO-chT2 Ost"]
[Site "Croatia"]
[Date "2016.04.17"]
[Round "3.52"]
[White "Babic, Andrija"]
[Black "Berke, Ana"]
[Result "0-1"]
[WhiteElo "2069"]
[BlackElo "2130"]
[PlyCount "65"]
[EventDate "2016.04.16"]
[EventType "team-tourn"]
[EventRounds "11"]
[EventCountry "CRO"]
[SourceTitle "OM OTB B 201907"]
[Source "Opening Master"]
[SourceDate "2019.07.06"]
[SourceVersion "2"]
[SourceVersionDate "2019.07.06"]
[SourceQuality "1"]

1. e4 c5 2. Nf3 d6 3. d4 cxd4 4. Nxd4 Nf6 5. Nc3 Nc6 6. Be2 e5 7. Nb3 Be7 8.
O-O O-O 9. Be3 a5 10. a3 Be6 11. Nd2 Rc8 12. f3 d5 13. exd5 Nxd5 14. Nxd5 Bxd5
15. Nc4 Nd4 16. Bxd4 exd4 17. Nd2 Qb6 18. Bd3 Qxb2 19. Qe2 Bxa3 20. Ne4 Qb4 21.
Qf2 Bxe4 22. fxe4 Bb2 23. Rae1 a4 24. e5 Qe7 25. Qf5 g6 26. Qh3 a3 27. e6 f5
28. g4 f4 29. Qf3 a2 30. Qd5 Ra8 31. Qd7 Qxd7 32. exd7 a1=Q 33. Bc4+ 0-1

[Event "FICS rated lightning game"]
[Site "FICS freechess.org"]
[Date "2016.04.17"]
[Round "?"]
[White "TurkishTickler"]
[Black "blik"]
[Result "0-1"]
[WhiteElo "1955"]
[BlackElo "2362"]
[PlyCount "88"]
[EventDate "2016.??.??"]
[EventType "schev"]
[EventRounds "3"]

1. e4 c5 2. Nf3 Nc6 3. d4 cxd4 4. Nxd4 Nf6 5. Nc3 d6 6. Be2 e5 7. Nf3 h6 8. O-O
Be7 9. h3 O-O 10. Be3 Be6 11. Nd2 d5 12. exd5 Nxd5 13. Nxd5 Qxd5 14. Bc4 Qd7
15. Bxe6 Qxe6 16. c3 Rfd8 17. Qb3 Qxb3 18. Nxb3 Rd3 19. Rfd1 Rad8 20. Rxd3 Rxd3
21. Kf1 e4 22. Ke2 f5 23. Rd1 Rxd1 24. Kxd1 Bd6 25. g3 Ne5 26. Kc2 Nc6 27. Bc5
Bf8 28. Bxf8 Kxf8 29. Nc5 Nd8 30. Kd2 Kf7 31. Ke3 b6 32. Nb3 Ne6 33. f3 Ng5 34.
fxe4 Nxe4 35. g4 Nd6 36. gxf5 Nc4+ 37. Ke4 Nxb2 38. Nd4 Nd1 39. c4 Nf2+ 40. Ke5
Nxh3 41. Nc6 Nf2 42. Nxa7 Ng4+ 43. Kf4 Nf6 44. Nc8 Nd7 0-1

[Event "CZE-chT 1516"]
[Site "Czech Republic"]
[Date "2016.04.16"]
[Round "10.1"]
[White "Vitiugov, Nikita"]
[Black "Potkin, Vladimir"]
[Result "1/2-1/2"]
[WhiteElo "2724"]
[BlackElo "2590"]
[PlyCount "32"]
[EventDate "2015.11.07"]
[EventType "team-tourn"]
[EventRounds "11"]
[EventCountry "CZE"]
[SourceTitle "OM OTB B 201907"]
[Source "Opening Master"]
[SourceDate "2019.07.06"]
[SourceVersion "2"]
[SourceVersionDate "2019.07.06"]
[SourceQuality "1"]

1. e4 c5 2. Nf3 d6 3. d4 cxd4 4. Nxd4 Nf6 5. Nc3 Nc6 6. Be2 e5 7. Nf5 Nxe4 8.
Nxg7+ Bxg7 9. Nxe4 d5 10. Ng3 e4 11. c3 Be6 12. Bf4 Rg8 13. Qd2 Qb6 14. O-O
O-O-O 15. Rac1 f5 16. b4 Ne5 1/2-1/2

[Event "BI-2016-P-00018"]
[Site "Lechenicher SchachServer"]
[Date "2016.04.13"]
[Round "?"]
[White "Guaimare, Carlos"]
[Black "Di Luzio, Norberto"]
[Result "0-1"]
[WhiteElo "906"]
[BlackElo "2128"]
[PlyCount "50"]
[EventDate "2016.04.15"]

1. e4 c5 2. Nf3 d6 3. d4 cxd4 4. Nxd4 Nf6 5. Nc3 Nc6 6. Be2 e5 7. Nb3 Be7 8.
O-O O-O 9. Be3 a5 10. a4 Nb4 11. f4 Be6 12. f5 Bd7 13. Bg5 Bc6 14. Bf3 Re8 15.
Nd2 Qc7 16. Nc4 Bxe4 17. Nxe4 Nxe4 18. Bxe4 Qxc4 19. Bxe7 Qxe4 20. f6 Nxc2 21.
Rc1 Ne3 22. Qe2 Rac8 23. Rxc8 Rxc8 24. fxg7 d5 25. Qf2 Nxf1 0-1